000 00385nam a22001697a 4500
003 OSt
005 20211228142439.0
008 211228b |||||||| |||| 00| 0 eng d
020 _a0132634015
040 _cHU
082 _a005.133
100 _aDeitel M. H.
_925760
245 _aJava How To Program
260 _aNew jersey
_bNew jersey
300 _f1055
942 _2ddc
_cBOOKS
_n0
999 _c24650
_d24650